Využitie nákladového controllingu pre optimalizáciu nákladov v rôznych oblastiach podnikania yužitie nákladového controllingu pre optimalizáciu nákladov v rôznych oblastiach podnikania

Cieľom článku je diskutovať o problematike controllingu nákladov v podnikateľských subjektoch, ktorý predstavuje základný pilier Priemyslu 5.0 z hľadiska optimalizácie ekonomickej premennej – nákladov spoločnosti, ktoré významne ovplyvňujú finančnú situáciu spoločnosti, tvorbu zisku a pridanej hodno...

ver descrição completa

Na minha lista:
Detalhes bibliográficos
Autor principal: Kádárová, Jaroslava
Outros Autores: Teplická, Katarína
Formato: Capítulo de Livro
Idioma:eslovaco
Assuntos:
Tags: Adicionar Tag
Sem tags, seja o primeiro a adicionar uma tag!

MARC

LEADER 00000naa a2200000 4500
001 0313813
005 20260107140455.4
041 0 |a slo 
044 |a SK 
245 1 0 |a Využitie nákladového controllingu pre optimalizáciu nákladov v rôznych oblastiach podnikania yužitie nákladového controllingu pre optimalizáciu nákladov v rôznych oblastiach podnikania  |c Jaroslava Kádárová, Katarína Teplická 
520 |a Cieľom článku je diskutovať o problematike controllingu nákladov v podnikateľských subjektoch, ktorý predstavuje základný pilier Priemyslu 5.0 z hľadiska optimalizácie ekonomickej premennej – nákladov spoločnosti, ktoré významne ovplyvňujú finančnú situáciu spoločnosti, tvorbu zisku a pridanej hodnoty. Novým prínosom inovácií je digitalizácia priemyslu a s ňou aj možnosť analyzovať množstvo informácií, ktoré sa transformujú na vedomosti a tým zvyšujú konkurencieschopnosť spoločností. Inovatívny prínos v podobe digitalizácie umožňuje racionalizovať spotrebované zdroje, obchodné procesy a dosahovať vyššie výstupy pri rovnakých objemoch vstupov. 
610 2 0 |a kontroling 
610 2 0 |a financie 
610 2 0 |a zisk 
610 2 0 |a inovácia 
610 2 0 |a hodnota pridaná 
610 2 0 |a poplatky 
100 1 |a Kádárová, Jaroslava 
700 1 |a Teplická, Katarína